| 000 | 00571cam4a220021700 4500 | ||
|---|---|---|---|
| 001 | tmp15801311 | ||
| 003 | UPRA | ||
| 005 | 20190830095501.0 | ||
| 008 | 951102s1964 ii eng u | ||
| 035 | _a(Sirsi) r45658 | ||
| 035 | _a(UPRA)tmp15801311 | ||
| 040 | _cUPRA | ||
| 100 | 1 |
_aGujrati, B. S. _6A3427.1 |
|
| 245 | 1 | 0 | _aLibrarianship. |
| 260 |
_aNew Dehli : _bLakshimi Book Store, _c[1964] |
||
| 504 | _aIncludes bibliographies. | ||
| 650 | 0 |
_aLibrary science. _6S2537.1 |
|
| 949 |
_aZ665 _wlcc _mMAIN _tBOOK _lON-SHELF |
||
| 004 | 45658 | ||
| 987 | _aWITHDRAWN. | ||
| 999 |
_c180684 _d180684 |
||